000 00275nam a2200121Ia 4500
008 190216s9999||||xx |||||||||||||| ||und||
100 _aPhilip Wayne
245 0 _aModern One Act Plays
260 _bLongmans
_c1967
300 _a203p
650 _aEnglish Drama
942 _cBK
999 _c11868
_d11868